Az sms-nyelv kialakulása, és hatása a diákok nyelvhasználatára

Elmentve itt :
Bibliográfiai részletek
Szerző: Földinszki Janka
További közreműködők: Vass László (Témavezető)
Dokumentumtípus: Szakdolgozat
Megjelent: 2008
Tárgyszavak:
Online Access:http://diploma.bibl.u-szeged.hu/104440
LEADER 00758nta a2200193 i 4500
001 dipl104440
005 20210126070412.0
008 210122s2008 hu om 0|| hun d
040 |a SZTE Diploma Repozitórium  |b hun 
041 |a hun 
100 1 |a Földinszki Janka 
245 1 3 |a Az sms-nyelv kialakulása, és hatása a diákok nyelvhasználatára  |h [elektronikus dokumentum] /  |c Janka Földinszki 
246 1 0 |a The development of the SMS language and its influnce on the teens language  |h [elektronikus dokumentum] 
260 |c 2008 
650 4 |a Pedagógusképzés 
650 4 |a Humanities 
650 4 |a Languages and Literature 
700 1 |a Vass László  |e ths 
856 4 0 |u http://diploma.bibl.u-szeged.hu/id/eprint/104440/1/2008_foldinszki_janka.pdf  |z Dokumentum-elérés